000 00567nam a2200241Ia 4500
005 20260306150627.0
008 008 260114s9999 xx 000 0 eng d
020 _a9780231507660
037 _aEbook
040 _aCRL
040 _beng
040 _cCRL
041 _2eng
041 _aeng
084 _qCRL
245 4 _aThe Origins of Life and the Universe
260 _bColumbia University Press
260 _c2003
650 _aPhysics
856 _uhttps://www.degruyter.com/isbn/9780231507660
942 _cEBOOK
999 _c1698278
_d1698278